| 000 | 00000nam##2200000za#4500 |
| 001 | 9.607798 |
| 003 | CaOODSP |
| 005 | 20210624213315 |
| 007 | cr ||||||||||| |
| 008 | 150406|2001||||xxc|||||o f|0| 0 fre|d |
| 040 | |aCaOODSP|bfre |
| 043 | |an-cn--- |
| 086 | 1 |aNH18-22/101-135F-PDF |
| 110 | 2 |aSociété canadienne d'hypothèques et de logement. |
| 245 | 10|aViabilisation collective pour les habitations communautaires en milieu rural : |h[ressource électronique]|bune solution écologique pour l'habitat rural / |
| 250 | |aRévision 2007 |
| 260 | |aOttawa - Ontario : |bSociété canadienne d'hypothèques et de logement |cc2001, 2007. |
| 300 | |a4p. |
| 490 | 1 |aLe point en recherche et développement; série technique|v01-135 |
| 500 | |aFichier reproduit à partir de l'original imprimé. |
| 590 | |a14-17-Supp|b2014-10-09 |
| 775 | 08|tShared servicing for rural cohousing : |w(CaOODSP)9.580860 |
| 830 | #0|aLe point en recherche et développement; série technique ;|v01-135|w(CaOODSP)9.500900 |
| 856 | 40|ahttp://publications.gc.ca|qPDF|s244 Ko|uhttps://publications.gc.ca/collections/collection_2014/schl-cmhc/NH18-22-101-135-fra.pdf|y01-135 |